Science Quiz

Random Science Quiz
Score 0/62 Timer 15:00
0 Plays Today
Type Antibiotic % Correct
PenicillinAmoxicillin
81.2%
GlycopeptideVancomycin
68.5%
PenicillinAmpicillin
67%
Macrolide / Azalide / Ketolide Erythromycin
65.5%
PenicillinPenicillin G
62.4%
PenicillinPenicillin V
59.4%
CephalosporinCeftriaxone
56.6%
QuinoloneCiprofloxacin
53.6%
Macrolide / Azalide / Ketolide Azithromycin
53.2%
Tetracycline / Glycycline Doxycycline
53%
Tetracycline / Glycycline Tetracycline
52.2%
AminoglycosideGentamicin
50.7%
Chloramphenicol Chloramphenicol
47.8%
AminoglycosideStreptomycin
46.8%
Macrolide / Azalide / Ketolide Clarithromycin
46.1%
PenicillinPiperacillin
45%
CarbopenemMeropenem
44.3%
RifamycinRifampin
43.2%
Lincosamide Clindamycin
42.8%
CarbopenemImipenem
41.1%
NitromidazoleMetronidazole
40%
OxazolidinonesLinezolid
39.5%
PenicillinOxacillin
37.6%
CephalosporinCephalexin
37.6%
QuinoloneLevofloxacin
35.9%
PenicillinNafcillin
34.9%
CephalosporinCefazolin
31.6%
Cell MembraneDaptomycin
30.9%
QuinoloneMoxifloxacin
30.4%
AminoglycosideAmikacin
29.9%
CephalosporinCefuroxime
29.6%
Type Antibiotic % Correct
CarbopenemErtapenem
29.6%
CephalosporinCefepime
29%
AminoglycosideTobramycin
28.3%
PenicillinDicloxacillin
27.8%
PenicillinTicarcillin
27%
CephalosporinCeftazidime
26%
NitromidazoleNitrofurantoin
25.3%
CarbopenemAztreonam
23.8%
Tetracycline / Glycycline Minocycline
23.6%
CarbopenemDoripenem
23.3%
CephalosporinCefotaxime
23.1%
Tetracycline / Glycycline Tigecycline
22.2%
Cell Wall SynthesisBacitracin
20.4%
CephalosporinCefixime
17.7%
CephalosporinCefoxitin
17.2%
CephalosporinCefotetan
14.7%
Cell Wall SynthesisFosfomycin
14.7%
Lincosamide Lincomycin
12.9%
RifamycinRifabutin
12.8%
Macrolide / Azalide / Ketolide Telithromycin
11.2%
Cell MembranePolymixins
10.7%
QuinoloneGatifloxacin
9.7%
GlycopeptideTelavancin
7.5%
Cell Wall SynthesisD-cycloserine
7.4%
GlycopeptideOritavancin
6.2%
RifamycinRifapentine
6.1%
GlycopeptideDalbavancin
5.8%
NitromidazoleTinidazole
5.1%
GlycopeptideRamoplanin
4.7%
Folate antagonistTrimethoprim-sulfamethaxozole
3.9%
StreptograninQuinopristin-Dalpopristin
1.4%

You're not logged in!

Compare scores with friends on all Sporcle quizzes.
OR
Log In

Sporcle TV

Today on Sporcle TV


Watch our educational content, quiz creation guides, and fun videos on Sporcle TV.

Show Comments

Extras

Created Oct 1, 2009ReportNominate
Tags:antibiotic, common

Top Quizzes Today


Score Distribution

Paid Content

Your Account Isn't Verified!

In order to create a playlist on Sporcle, you need to verify the email address you used during registration. Go to your Sporcle Settings to finish the process.

Report this User

Report this user for behavior that violates our Community Guidelines.

Details: